00285nam a2200109Ia 4500008004100000245006000041260002200101440000600123521002200129942000700151999001700158140130s9999 xx 000 0 und d cCollins, SusansaGregor and the curse of the warmbloods bScholastic,c2005 v1 aGrade 3 - Grade 5 cBK c41030d41030